Gabon : EIU country report February 2007.
| Format: | Book |
|---|---|
| Published: |
[London]:
The Economist Intelligence Unit,
2007.
|
| Subjects: |
| LEADER | 00427cam a2200145 7i4500 | ||
|---|---|---|---|
| 001 | 0000019368 | ||
| 005 | 20070618090000.0 | ||
| 022 | 0 | 0 | |a 1350-7044 |
| 090 | 0 | 0 | |a GABN 330.9 |b GAB |
| 245 | 0 | 0 | |a Gabon : |b EIU country report February 2007. |
| 260 | 0 | 0 | |a [London]: |b The Economist Intelligence Unit, |c 2007. |
| 300 | # | # | |a 24 p. |
| 650 | 0 | 0 | |a Gabon -- |x Country report |
| 651 | 0 | 0 | |a Gabon |
| 999 | |a B000020359 |b Book |c Countries |e Business Information Centre | ||